LEADER 01022nam0 2200301 450 001 000022870 005 20090217113057.0 100 $a20090212d1980----km-y0itay50------ba 101 1 $aita$cfre 102 $aIT 105 $ay-------001yy 200 1 $a<>caso e la necessità$esaggio sulla filosofia naturale della biologia contemporanea$fJaques Monod 205 $a9. ed. 210 $aMilano$cMondadori$d1980 215 $a163 p.$cdiagr.$d21 cm 225 2 $aBiblioteca della EST 410 0$12001$aBiblioteca della EST 500 10$a<>hasard et la nécessité$m$918783 610 1 $aBiologia$aTeorie 676 $a574$v17$9Biologia 676 $a574.01$v20$9Biologia. Filosofia e teoria 676 $a570.1$v21$9Scienze della vita. Biologia. Filosofia e teoria 700 1$aMonod,$bJacques$f<1910-1976>$049381 801 0$aIT$bUNIPARTHENOPE$c20090217$gRICA$2UNIMARC 912 $a000022870 951 $a212.1/96$b647$cNAVA2 996 $aHasard et la nécessité$918783 997 $aUNIPARTHENOPE LEADER 02056nam0 22003371i 450 001 UON00286011 005 20231205103900.910 100 $a20070102d1953 |0itac50 ba 101 $aspa 102 $aVE 105 $a|||| 1|||| 200 1 $aˆEl‰abate Viscardo$ehistoria y mito de la intervención de los Jesuitas en la indipendencia de Hispanoamérica$fMiguel Batllori 205 $aCaracas : Instituto Panamericano de Geografía e Historia$b1953 210 $a334 p.$d[91] p. di tav. ; 24 cm 215 $aPubblicazione n. 10 de: Instituto Panamericano de Geografía e Historia, Comisión de Historia, Comité de Orígenes de la Emancipación. 316 $aIl volume è collocato nei cantinati della Sezione Giusso, attualmente non accessibili.$5IT-UONSI I RELIGB/0267 316 $aIl volume è collocato nei cantinati della Sezione Giusso, attualmente non accessibili.$5IT-UONSI I RELIGB/0267 606 $aAbate Viscardo$3UONC041609$2FI 606 $aGESUITI$xStoria$3UONC061249$2FI 606 $aVISCARDO Y GUZMAN JUAN PABLO$3UONC061248$2FI 620 $aVE$dCaracas$3UONL001532 676 $a946$cStoria della Spagna$v21 700 1$aBATLLORI$bMiguel$3UONV111401$0168708 712 $aInst. Panamericano de geografia e historia$3UONV266995$4650 801 $aIT$bSOL$c20251003$gRICA 912 $aUON00286011 950 $aSIBA - SISTEMA BIBLIOTECARIO DI ATENEO$dSI B 0267 $eSI MR 48865/1 5 0267 Il volume è collocato nei cantinati della Sezione Giusso, attualmente non accessibili. 950 $aSIBA - SISTEMA BIBLIOTECARIO DI ATENEO$dSI B 0267 $eSI MR 48865 5 0267 Il volume è collocato nei cantinati della Sezione Giusso, attualmente non accessibili. 950 $aSIBA - SISTEMA BIBLIOTECARIO DI ATENEO$dSI SPA III 0344 $eSI SP 892 5 0344 996 $aAbate Viscardo$9522042 997 $aUNIOR